00704nam a2200169 a 450000100100000000500170001000800410002704000250006810000350009324500790012826000270020730000200023450001490025404900090040395201050041299900170051700003074620200930062503.0110527s1971 dr 000 0 spa d aDO-SdBNPbspacBNPHU1 aMatos Berrido, Leonardo92494914aLas organizaciones en el desarrollo comunitario /cLeonardo Matos Berrido. aSanto Domingo:,c1971. a10 p. ;c22 cm. aCharla ofrecida por el director de la Oficina de Desarrollo de la Comunidad en el Club Unión Progreso, de Baní el día 9 de octubre de 1971 aBNPD 0010718PDaPDbPDcHDd2011-05-30iLF1l0o p30746-10r2020-06-25w2020-06-25yLFPDZNo se presta c30238d30238